VoIP technology : applications and challenges

Zapisane w:
Opis bibliograficzny
1. autor: Chakraborty, Tamal
Format: Sách
Język:Undetermined
Wydane: Springer 2018
Hasła przedmiotowe:
Etykiety: Dodaj etykietę
Nie ma etykietki, Dołącz pierwszą etykiete!
Thư viện lưu trữ: Trung tâm Thư viện - Trường Đại học Công nghiệp TP. Hồ Chí Minh
LEADER 00485nam a2200157Ia 4500
001 UIH_00397
008 230809s9999 xx 000 0 und d
082 |a 621.385 
100 |a Chakraborty, Tamal 
245 0 |a VoIP technology : applications and challenges 
245 0 |c Chakraborty, Tamal 
260 |b Springer 
260 |c 2018 
650 |a Engineering;Internet telephony; 
927 |a Sách 
980 |a Trung tâm Thư viện - Trường Đại học Công nghiệp TP. Hồ Chí Minh